000 00737nam a2200241 i 4500
001 C2-0300111
003 PPAK
005 20180728081656.0
008 091028s2007 my |||| ||||| | may d
020 _a9789679428247
040 _aPPAK
_beng
_cPPAK
_erda
082 0 4 _a336.959
_223
090 0 0 _a336.959
_bHAI
_dR
100 0 _aHailani Muji Tahir,
_eauthor
245 1 0 _aInstitusi baitulmal dalam pembangunan negara
264 1 _aBangi, Selangor :
_bPenerbit Universiti Kebangsaan Malaysia ,
_c2007
300 _a161 pages ;
_c22 cm
336 _2rdacontent
_atext
337 _2rdamedia
_aunmediated
338 _2rdacarrier
_avolume
650 1 0 _aWaqf - Malaysia. ; Public institutions - Finance - Malaysia.
942 _ddc
_cB
999 _c104025
_d104025